000 00442cam a2200181ua 4500
020 _c25.00
041 _aeng
_h
082 _a330.1
_bLIT/CR
100 _aLittle, M D .
245 _aCritique of welfare economics /
_cM D Little.
_hTextual Documents
250 _a2 /
_b.
260 _aCalcutta :
_bOxford University Press ,
_c1960.
300 _a303 ; .
365 _a25.00
504 _a
942 _cBK
999 _c2492
_d2492